01402nam a22003374a 4500001001100000003000800011006001900019007001500038008004100053010001700094020003600111020003500147040002100182035002000203050002600223082002300249100002800272245009900300260005300399300002900452504005400481533015200535650003800687650005400725650005300779651004600832655002900878710001700907856012500924999001501049ebr5000466CaPaEBRm u cr cn|||||||||000320s2001 hiuab sb 000 0 eng  z 00036879  z0824822269 (cloth : alk. paper) z0824823281 (pbk. : alk. paper) aCaPaEBRcCaPaEBR a(OCoLC)5006056014aSB466.C53bW66 2001eb04a712/.6/09511562211 aWong, Young-tsu,d1940-12aA paradise losth[electronic resource] :bthe imperial garden Yuanming Yuan /cYoung-tsu Wong. aHonolulu :bUniversity of Hawai'i Press,cc2001. ax, 226 p. :bill., maps. aIncludes bibliographical references (p. 211-220). aElectronic reproduction.bPalo Alto, Calif. :cebrary,d2013.nAvailable via World Wide Web.nAccess may be limited to ebrary affiliated libraries. 0aHistoric gardenszChinazBeijing. 0aGardens, ChinesezChinazChinazBeijingxHistory. 0aLandscape architecturezChinazBeijingxHistory. 0aYuan Ming Yuan (Beijing, China)xHistory. 7aElectronic books.2local2 aebrary, Inc.40uhttp://site.ebrary.com/lib/rucke/Doc?id=5000466zAn electronic book accessible through the World Wide Web; click to view c2837d2837